| 000 | 00350nam a2200145Ia 4500 | ||
|---|---|---|---|
| 008 | 150201s1995 xx 000 0 und d | ||
| 082 |
_a616.07 _bC1995C |
||
| 100 | _aCURRAN RC | ||
| 245 | _aCOLOR ATLAS OF HISTOPATHOLOGY | ||
| 250 | _a3RD | ||
| 260 |
_bHARVEY MILLER PUB. _aLONDON _c1995 |
||
| 300 | _a1-292 | ||
| 650 | _aPATHOLOGY | ||
| 942 |
_2ddc _cBK |
||
| 999 |
_c2954 _d2954 |
||